[Event "Oberliga Bayern 0607"]
[Site "Bayern"]
[Date "2007.02.04"]
[Round "5.4"]
[White "Nussbaecher, Andreas"]
[Black "Kempter, Ronald"]
[Result "1/2-1/2"]
[WhiteElo "2185"]
[BlackElo "2236"]
[PlyCount "27"]
[EventDate "2006.10.15"]
[EventType "team-tourn"]
[EventRounds "9"]
[EventCountry "GER"]
[SourceTitle "EXT 2008"]
[Source "ChessBase"]
[SourceDate "2007.11.25"]
[SourceVersion "1"]
[SourceVersionDate "2007.11.25"]
[SourceQuality "1"]
[WhiteTeam "Muenchen 36"]
[BlackTeam "Krumbach"]
[WhiteTeamCountry "GER"]
[BlackTeamCountry "GER"]

1. d4 Nf6 2. Bg5 e6 3. e3 c5 4. Nf3 b6 5. Be2 Bb7 6. 0-0 Be7 7. c4 0-0 8. Nc3 cxd4 9. Nxd4 a6 10. Bf3 Qc7 11. Rc1 d6 12. b4 Nbd7 13. Na4 Rfc8 14. Bf4 1/2-1/2

[Event "Oberliga Bayern 0607"]
[Site "Bayern"]
[Date "2006.10.15"]
[Round "1.5"]
[White "Delitzsch, Juergen"]
[Black "Nussbaecher, Andreas"]
[Result "1-0"]
[WhiteElo "2200"]
[BlackElo "2185"]
[PlyCount "74"]
[EventDate "2006.10.15"]
[EventType "team-tourn"]
[EventRounds "9"]
[EventCountry "GER"]
[SourceTitle "EXT 2008"]
[Source "ChessBase"]
[SourceDate "2007.11.25"]
[SourceVersion "1"]
[SourceVersionDate "2007.11.25"]
[SourceQuality "1"]
[WhiteTeam "Bindlach II"]
[BlackTeam "Muenchen 36"]
[WhiteTeamCountry "GER"]
[BlackTeamCountry "GER"]

1. d4 Nf6 2. c4 e6 3. Nf3 b6 4. g3 Bb7 5. Bg2 d5 6. Nc3 Be7 7. 0-0 0-0 8. cxd5 Nxd5 9. Nxd5 Bxd5 10. Qc2 c5 11. e4 Bb7 12. Rd1 Na6 13. a3 cxd4 14. Nxd4 Qe8 15. b4 Rc8 16. Qe2 Nc7 17. Bb2 Ba6 18. Qg4 Bf6 19. a4 Bxd4 20. Rxd4 e5 21. Rd6 Bc4 22. b5 Be6 23. Qe2 f6 24. Ba3 Qf7 25. Rc1 Rfe8 26. Qd3 Re7 27. Rdc6 Rd7 28. Qc3 h6 29. Bf1 Kh7 30. h4 Kg6 31. Be2 Kh7 32. h5 Bb3 33. Bg4 Nxb5 34. axb5 Rxc6 35. Bf5+ Kh8 36. bxc6 Rd4 37. c7 Rc4 1-0

[Event "Oberliga Bayern 0506"]
[Site "Bayern"]
[Date "2006.02.19"]
[Round "7.5"]
[White "Nussbaecher, Andreas"]
[Black "Smistik, Milan"]
[Result "0-1"]
[WhiteElo "2163"]
[BlackElo "2379"]
[PlyCount "124"]
[EventDate "2005.10.23"]
[EventType "team-tourn"]
[EventRounds "9"]
[EventCountry "GER"]
[SourceTitle "EXT 2007"]
[Source "ChessBase"]
[SourceDate "2006.11.23"]
[SourceVersion "1"]
[SourceVersionDate "2006.11.23"]
[SourceQuality "1"]
[WhiteTeam "Muenchen 36"]
[BlackTeam "Bamberg SC"]
[WhiteTeamCountry "GER"]
[BlackTeamCountry "GER"]

1. d4 d5 2. c4 c6 3. Nf3 Nf6 4. cxd5 cxd5 5. Nc3 Nc6 6. Bf4 Nh5 7. Bg3 Nxg3 8. hxg3 e6 9. e3 Qb6 10. Qb3 Qxb3 11. axb3 Bd7 12. Bb5 Bd6 13. Kd2 Ke7 14. Rhc1 f6 15. Ne1 a6 16. Be2 Rhc8 17. Nd3 b6 18. Na4 Rab8 19. Nc3 Rc7 20. Bd1 Bc8 21. f4 Nb4 22. Nxb4 Bxb4 23. Bf3 Bb7 24. Kd1 Rbc8 25. Ne2 Bd6 26. Rxc7+ Rxc7 27. Rc1 e5 28. Rxc7+ Bxc7 29. Nc3 Ke6 30. Bg4+ f5 31. Bf3 exd4 32. exd4 g5 33. fxg5 Bxg3 34. Ne2 Bh4 35. Nf4+ Kd6 36. Nh3 a5 37. Be2 Bc8 38. Bd3 f4 39. g6 hxg6 40. Nxf4 g5 41. Ne2 Bf2 42. Kd2 Bd7 43. Bg6 Bg4 44. Bd3 Kc6 45. Kc2 Bh5 46. Kd2 Kd6 47. Ba6 Be8 48. Bc8 Bg6 49. g4 Be4 50. Bf5 Bf3 51. Bc8 Bxe2 52. Kxe2 Bxd4 53. Ba6 Bxb2 54. Bb5 Kc5 55. Bd7 Kb4 56. Kd2 Kxb3 57. Be6 Kb4 58. Kc2 Ka3 59. Bxd5 b5 60. Kb1 b4 61. Kc2 a4 62. Kb1 Be5 0-1

[Event "Landesliga Sued 0304"]
[Site "Bayern"]
[Date "2003.12.14"]
[Round "4.5"]
[White "Nussbaecher, Andreas"]
[Black "Rubke, Manfred"]
[Result "1-0"]
[WhiteElo "2122"]
[BlackElo "2126"]
[PlyCount "97"]
[EventDate "2003.10.12"]
[EventType "team-tourn"]
[EventRounds "9"]
[EventCountry "GER"]
[SourceTitle "EXT 2006"]
[Source "ChessBase"]
[SourceDate "2005.11.24"]
[SourceVersion "1"]
[SourceVersionDate "2005.11.24"]
[SourceQuality "1"]
[WhiteTeam "Muenchen 36"]
[BlackTeam "Haunstetten"]
[WhiteTeamCountry "GER"]
[BlackTeamCountry "GER"]

1. d4 c6 2. c4 d6 3. Nc3 Qc7 4. g3 e5 5. Bg2 Nf6 6. Nf3 Be7 7. 0-0 0-0 8. Qc2 Bg4 9. Rd1 Nbd7 10. b3 Rfe8 11. Bb2 Bf8 12. Rac1 Rad8 13. Ng5 Qc8 14. Nce4 Nxe4 15. Bxe4 g6 16. f3 Bh6 17. h4 Be6 18. d5 Bxg5 19. hxg5 Bh3 20. dxc6 Nc5 21. cxb7 Nxb7 22. Ba3 Nc5 23. Bd5 e4 24. Qc3 Ne6 25. Bb2 Kf8 26. Qh8+ Ke7 27. Qf6+ Kf8 28. Kh2 exf3 29. Qh8+ Ke7 30. Qf6+ Kf8 31. Bxf3 Bf5 32. Qh8+ Ke7 33. Qf6+ Kf8 34. g4 Qc5 35. Qh8+ Ke7 36. Qf6+ Kf8 37. gxf5 Qf2+ 38. Kh1 Qh4+ 39. Kg1 Qg3+ 40. Kf1 Nxg5 41. Qg7+ Ke7 42. Bf6+ Kd7 43. Bxg5 Qxg5 44. Qxf7+ Re7 45. Qd5 Ke8 46. Qg8+ Kd7 47. Rxd6+ Kxd6 48. Qxd8+ Ke5 49. Rd1 1-0

[Event "Landesliga Sued 0102"]
[Site "Bayern"]
[Date "2002.03.17"]
[Round "7.5"]
[White "Nussbaecher, Andreas"]
[Black "Fauth, Dietmar"]
[Result "1-0"]
[WhiteElo "2120"]
[BlackElo "2170"]
[PlyCount "99"]
[EventDate "2001.10.07"]
[EventType "team-tourn"]
[EventRounds "9"]
[EventCountry "GER"]
[SourceTitle "EXT 2003"]
[Source "ChessBase"]
[SourceDate "2002.11.25"]
[SourceVersion "1"]
[SourceVersionDate "2002.11.25"]
[SourceQuality "1"]
[WhiteTeam "Muenchen 36"]
[BlackTeam "Muenchen Siemens"]
[WhiteTeamCountry "GER"]
[BlackTeamCountry "GER"]

1. d4 Nf6 2. Bg5 c6 3. Bxf6 gxf6 4. c4 d5 5. cxd5 cxd5 6. Nc3 Nc6 7. e3 e6 8. g3 Bd7 9. Bg2 Be7 10. Nge2 f5 11. Nf4 a6 12. 0-0 0-0 13. Kh1 Kh8 14. Rc1 Na5 15. Nd3 Nc4 16. b3 Nd6 17. f3 Rc8 18. Nc5 Bc6 19. Re1 Nb5 20. Ne2 b6 21. Nd3 f6 22. a4 Na7 23. b4 Qd7 24. Nc3 Bb7 25. a5 bxa5 26. Nc5 Qc6 27. bxa5 Bxc5 28. Na4 Qd6 29. Nxc5 Rb8 30. Bf1 Bc8 31. Rb1 Nc6 32. Qd2 Qc7 33. Ra1 Qa7 34. Rec1 Re8 35. Rab1 Rxb1 36. Rxb1 Qc7 37. Rb6 e5 38. Qc3 exd4 39. exd4 Nb8 40. Rxf6 Nd7 41. Rxf5 Nxc5 42. dxc5+ Qg7 43. Qxg7+ Kxg7 44. Rxd5 Re1 45. Kg2 Rc1 46. Bd3 Be6 47. Rd6 Kf6 48. Rxa6 Rxc5 49. Bxh7 Ke7 50. g4 1-0

[Event "Oberliga Bayern 0001"]
[Site "Bayern"]
[Date "2001.02.18"]
[Round "6"]
[White "Nussbaecher, Andreas"]
[Black "Frobenius, Wolfram"]
[Result "0-1"]
[WhiteElo "2130"]
[BlackElo "2170"]
[PlyCount "66"]
[EventDate "2000.10.15"]
[EventType "team-tourn"]
[EventRounds "9"]
[EventCountry "GER"]
[SourceTitle "EXT 2020"]
[Source "ChessBase"]
[SourceDate "2019.10.17"]
[SourceVersion "1"]
[SourceVersionDate "2019.10.17"]
[SourceQuality "1"]
[WhiteTeam "Muenchen 36"]
[BlackTeam "Marktheidenfeld"]
[WhiteTeamCountry "GER"]
[BlackTeamCountry "GER"]

1. d4 d5 2. c4 c6 3. Nf3 Nf6 4. cxd5 cxd5 5. Nc3 Nc6 6. Bf4 Bf5 7. e3 e6 8. Qb3 Bb4 9. Bb5 0-0 10. Bxc6 Bxc3+ 11. Qxc3 Rc8 12. Ne5 Ne4 13. Qa3 bxc6 14. 0-0 f6 15. Nf3 Bg4 16. Rfd1 Qe8 17. Qd3 Qh5 18. Qe2 e5 19. Bg3 Nxg3 20. fxg3 e4 21. Rf1 exf3 22. gxf3 Bh3 23. Rfe1 f5 24. Rac1 Rfe8 25. Kf2 f4 26. gxf4 Qh4+ 27. Kg1 Re6 28. Kh1 Rce8 29. Qd2 Rg6 30. Rg1 Ree6 31. Qb4 Qf2 32. Qb8+ Kf7 33. Rxg6 Qxf3+ 0-1

[Event "Oberliga Bayern 0001"]
[Site "Bayern"]
[Date "2000.12.10"]
[Round "3"]
[White "Geberl, Hans Walter"]
[Black "Nussbaecher, Andreas"]
[Result "1-0"]
[WhiteElo "2122"]
[BlackElo "2130"]
[PlyCount "91"]
[EventDate "2000.10.15"]
[EventType "team-tourn"]
[EventRounds "9"]
[EventCountry "GER"]
[SourceTitle "EXT 2020"]
[Source "ChessBase"]
[SourceDate "2019.10.17"]
[SourceVersion "1"]
[SourceVersionDate "2019.10.17"]
[SourceQuality "1"]
[WhiteTeam "Ingolstadt"]
[BlackTeam "Muenchen 36"]
[WhiteTeamCountry "GER"]
[BlackTeamCountry "GER"]

1. c4 g6 2. Nc3 Bg7 3. Nf3 Nf6 4. g3 0-0 5. Bg2 d6 6. 0-0 c6 7. d4 Qa5 8. h3 Be6 9. d5 cxd5 10. Ng5 dxc4 11. Nxe6 fxe6 12. Bxb7 Nbd7 13. Bxa8 Rxa8 14. Be3 Rb8 15. Rb1 Nb6 16. Qd2 Qf5 17. Kh2 Nbd5 18. Bd4 Nxc3 19. Qxc3 Rc8 20. Rbc1 Qe4 21. Rfd1 e5 22. Bxa7 Qxe2 23. Qb4 Bh6 24. Rb1 Qf3 25. Qe1 Ne4 26. Be3 Bxe3 27. Qxe3 Qxf2+ 28. Qxf2 Nxf2 29. Rd5 Ne4 30. a4 Ra8 31. a5 c3 32. Rb5 Nd2 33. Rc1 cxb2 34. Rxb2 Nf3+ 35. Kg2 Nd4 36. Ra1 Ra7 37. a6 Kf7 38. Rb7 Nc6 39. Rxa7 Nxa7 40. Rb1 Ke6 41. Rb7 Nc8 42. Rc7 Nb6 43. Rc6 Na8 44. Rc8 Nb6 45. Rb8 Nd5 46. Rb7 1-0

[Event "Oberliga Bayern 0001"]
[Site "Bayern"]
[Date "2000.11.12"]
[Round "2"]
[White "Nussbaecher, Andreas"]
[Black "Lickleder, Andreas"]
[Result "0-1"]
[WhiteElo "2130"]
[BlackElo "2195"]
[PlyCount "102"]
[EventDate "2000.10.15"]
[EventType "team-tourn"]
[EventRounds "9"]
[EventCountry "GER"]
[SourceTitle "EXT 2020"]
[Source "ChessBase"]
[SourceDate "2019.10.17"]
[SourceVersion "1"]
[SourceVersionDate "2019.10.17"]
[SourceQuality "1"]
[WhiteTeam "Muenchen 36"]
[BlackTeam "Schwabing SG Nord"]
[WhiteTeamCountry "GER"]
[BlackTeamCountry "GER"]

1. d4 Nf6 2. Bg5 d5 3. Bxf6 exf6 4. e3 c6 5. g3 Bd6 6. Bg2 f5 7. Ne2 Nd7 8. 0-0 Nf6 9. c4 dxc4 10. Nd2 Be6 11. Qc2 0-0 12. Nxc4 Be7 13. Rfc1 Nd5 14. a3 a5 15. b3 h5 16. Ne5 Bd6 17. Bxd5 cxd5 18. h4 Qe7 19. a4 Rfc8 20. Qd1 g6 21. Rxc8+ Rxc8 22. Rc1 Rxc1 23. Qxc1 Kg7 24. Qc3 Bb4 25. Qc2 Bd6 26. Qc3 Bb4 27. Qc2 Bd6 28. Nf4 Kf6 29. Ned3 Qc7 30. Qxc7 Bxc7 31. Kf1 Bd6 32. Ke2 g5 33. hxg5+ Kxg5 34. Nc5 Bc8 35. Nxd5 Bxc5 36. dxc5 Be6 37. Ne7 Kf6 38. c6 b6 39. Ng8+ Kg7 40. Ne7 Kf8 41. Nxf5 Bxf5 42. c7 Ke7 43. e4 Bc8 44. Kd3 Kd6 45. b4 Kxc7 46. f4 Bd7 47. bxa5 bxa5 48. f5 Kd6 49. Kd4 f6 50. Ke3 Ke5 51. Kf3 Bxa4 0-1

[Event "Oberliga Bayern 9900"]
[Site "Bayern"]
[Date "2000.03.26"]
[Round "8.4"]
[White "Eiber, Manfred"]
[Black "Nussbaecher, Andreas"]
[Result "1/2-1/2"]
[WhiteElo "2245"]
[BlackElo "2095"]
[PlyCount "35"]
[EventDate "1999.10.10"]
[EventType "team-tourn"]
[EventRounds "9"]
[EventCountry "GER"]
[SourceTitle "EXT 2020"]
[Source "ChessBase"]
[SourceDate "2019.10.17"]
[SourceVersion "1"]
[SourceVersionDate "2019.10.17"]
[SourceQuality "1"]
[WhiteTeam "Nuernberg Noris Tarrasch"]
[BlackTeam "Muenchen 36"]
[WhiteTeamCountry "GER"]
[BlackTeamCountry "GER"]

1. d4 Nf6 2. Bg5 e6 3. e4 h6 4. Bxf6 Qxf6 5. Nc3 d6 6. Qd2 g6 7. f4 Bg7 8. Nf3 Nc6 9. e5 Qe7 10. g3 d5 11. Be2 Bd7 12. 0-0 0-0-0 13. a3 f6 14. Rae1 g5 15. Bb5 gxf4 16. Bxc6 Bxc6 17. Qxf4 f5 18. Nh4 1/2-1/2

[Event "Oberliga Bayern 9900"]
[Site "Bayern"]
[Date "1999.11.07"]
[Round "2.4"]
[White "Nussbaecher, Andreas"]
[Black "Lickleder, Andreas"]
[Result "1/2-1/2"]
[WhiteElo "2045"]
[BlackElo "2160"]
[PlyCount "54"]
[EventDate "1999.10.10"]
[EventType "team-tourn"]
[EventRounds "9"]
[EventCountry "GER"]
[SourceTitle "EXT 2020"]
[Source "ChessBase"]
[SourceDate "2019.10.17"]
[SourceVersion "1"]
[SourceVersionDate "2019.10.17"]
[SourceQuality "1"]
[WhiteTeam "Muenchen 36"]
[BlackTeam "Schwabing SG Nord"]
[WhiteTeamCountry "GER"]
[BlackTeamCountry "GER"]

1. d4 Nf6 2. Bg5 e6 3. e4 h6 4. Bxf6 Qxf6 5. Nf3 d6 6. Nbd2 Nc6 7. c3 g5 8. Bb5 a6 9. Qa4 Bd7 10. d5 Nb8 11. Bxd7+ Nxd7 12. 0-0 Bg7 13. Nd4 Rd8 14. dxe6 fxe6 15. Qc4 Nc5 16. b4 b5 17. Qe2 Na4 18. Nxb5 0-0 19. Nxc7 Nxc3 20. Qg4 Qd4 21. Nb3 Qd3 22. Nxe6 Ne2+ 23. Kh1 Bxa1 24. Rxa1 Rxf2 25. Nxd8 Nf4 26. Rg1 Qxe4 27. Qd7 Qxg2+ 1/2-1/2

[Event "Bayern-chI Bank Hofmann 3rd"]
[Site "Bad Wiessee"]
[Date "1999.10.30"]
[Round "8"]
[White "Froehlich, Peter"]
[Black "Nussbaecher, Andreas"]
[Result "1-0"]
[WhiteElo "2314"]
[BlackElo "2159"]
[PlyCount "123"]
[EventDate "1999.10.23"]
[EventType "swiss"]
[EventRounds "9"]
[EventCountry "GER"]
[SourceTitle "EXT 2001"]
[Source "ChessBase"]
[SourceDate "2000.11.22"]
[SourceVersion "1"]
[SourceVersionDate "2000.11.22"]
[SourceQuality "1"]

1. Nf3 Nf6 2. c4 g6 3. Nc3 Bg7 4. g3 0-0 5. Bg2 d6 6. 0-0 c6 7. d4 Qa5 8. e4 Bg4 9. h3 Bxf3 10. Qxf3 Nfd7 11. Rd1 c5 12. dxc5 Bxc3 13. bxc3 Qxc5 14. e5 Nxe5 15. Qxb7 Nbc6 16. Qb5 Rac8 17. Qxc5 dxc5 18. Rd5 Nxc4 19. Bh6 Rfd8 20. Rxc5 N6a5 21. Rxc8 Rxc8 22. Rd1 Nd6 23. Be3 a6 24. Bf1 Nac4 25. Bf4 a5 26. h4 h5 27. Bg5 Kf8 28. Re1 Rc7 29. Rb1 Kg7 30. Rb8 Ne5 31. Bg2 f6 32. Bd2 Nec4 33. Bf4 e5 34. Bc1 Rc8 35. Rxc8 Nxc8 36. Kf1 N8b6 37. Ke2 Kf7 38. Kd3 Ke6 39. Bb7 Kd6 40. Bh6 f5 41. Bf8+ Ke6 42. Bc6 e4+ 43. Kd4 Ne5 44. Bb5 Ng4 45. Bc5 Nc8 46. Bc4+ Kf6 47. Kd5 Ne7+ 48. Kd6 Ne5 49. Bd5 N7c6 50. Kc7 Ne7 51. c4 f4 52. Bxe7+ Kxe7 53. gxf4 Nf3 54. Bxe4 Nxh4 55. c5 Nf5 56. c6 h4 57. Bg2 Nd4 58. Kb7 Nb5 59. c7 a4 60. Bh3 a3 61. Kb6 Nd6 62. Kc6 1-0

[Event "Bayern-chI Bank Hofmann 3rd"]
[Site "Bad Wiessee"]
[Date "1999.10.26"]
[Round "4"]
[White "Nussbaecher, Andreas"]
[Black "Tella, Jussi"]
[Result "1/2-1/2"]
[WhiteElo "2159"]
[BlackElo "2434"]
[PlyCount "51"]
[EventDate "1999.10.23"]
[EventType "swiss"]
[EventRounds "9"]
[EventCountry "GER"]
[SourceTitle "EXT 2001"]
[Source "ChessBase"]
[SourceDate "2000.11.22"]
[SourceVersion "1"]
[SourceVersionDate "2000.11.22"]
[SourceQuality "1"]

1. d4 d5 2. c4 c6 3. cxd5 cxd5 4. Nf3 Nf6 5. Nc3 Nc6 6. Bf4 a6 7. e3 Bg4 8. h3 Bxf3 9. Qxf3 e6 10. a3 Qb6 11. Rb1 Qa5 12. Rc1 Ne4 13. Qd1 Nxc3 14. bxc3 Bxa3 15. Rc2 0-0 16. Bd3 b5 17. 0-0 Qd8 18. e4 Be7 19. Re1 b4 20. Qg4 bxc3 21. Bh6 g6 22. Bxf8 Bxf8 23. exd5 exd5 24. Rxc3 Bb4 25. Rxc6 Bxe1 26. Qe2 1/2-1/2

[Event "Bayern-chI Bank Hofmann 3rd"]
[Site "Bad Wiessee"]
[Date "1999.10.24"]
[Round "2"]
[White "Nussbaecher, Andreas"]
[Black "Glek, Igor Vladimirovich"]
[Result "0-1"]
[WhiteElo "2159"]
[BlackElo "2536"]
[PlyCount "68"]
[EventDate "1999.10.23"]
[EventType "swiss"]
[EventRounds "9"]
[EventCountry "GER"]
[SourceTitle "EXT 2001"]
[Source "ChessBase"]
[SourceDate "2000.11.22"]
[SourceVersion "1"]
[SourceVersionDate "2000.11.22"]
[SourceQuality "1"]

1. d4 Nf6 2. Bg5 e6 3. e4 h6 4. Bxf6 Qxf6 5. Nf3 d6 6. Bd3 e5 7. Nc3 c6 8. d5 Be7 9. Nd2 0-0 10. Qe2 Bd8 11. 0-0-0 Ba5 12. Ncb1 b5 13. Nb3 Bb6 14. dxc6 a6 15. Nc3 Nxc6 16. f3 Be6 17. Nd5 Bxd5 18. exd5 Nb4 19. Kb1 Nxd3 20. Qxd3 Qg5 21. g4 f5 22. h4 Qf6 23. gxf5 Qxf5 24. Qxf5 Rxf5 25. Nd2 Raf8 26. Ne4 Rxf3 27. Nxd6 R3f4 28. Rhe1 Bf2 29. Rxe5 Bg3 30. Re8 Rxe8 31. Nxe8 Re4 32. c4 Rxe8 33. c5 Re1 34. Rxe1 Bxe1 0-1

[Event "Oberliga Bayern 9900"]
[Site "Bayern"]
[Date "1999.10.10"]
[Round "1.4"]
[White "Engelmann, Wolfgang"]
[Black "Nussbaecher, Andreas"]
[Result "0-1"]
[WhiteElo "2150"]
[BlackElo "2045"]
[PlyCount "78"]
[EventDate "1999.10.10"]
[EventType "team-tourn"]
[EventRounds "9"]
[EventCountry "GER"]
[SourceTitle "EXT 2020"]
[Source "ChessBase"]
[SourceDate "2019.10.17"]
[SourceVersion "1"]
[SourceVersionDate "2019.10.17"]
[SourceQuality "1"]
[WhiteTeam "Fuerth SF"]
[BlackTeam "Muenchen 36"]
[WhiteTeamCountry "GER"]
[BlackTeamCountry "GER"]

1. d4 Nf6 2. Nf3 g6 3. c4 Bg7 4. Nc3 0-0 5. e4 d6 6. Be2 Bg4 7. Be3 Nfd7 8. 0-0 e5 9. dxe5 Bxf3 10. Bxf3 dxe5 11. Qb3 Qc8 12. Rad1 Nc6 13. Nd5 Re8 14. Bg4 Nd4 15. Bxd4 exd4 16. Qh3 f5 17. exf5 Ne5 18. Rfe1 c6 19. Rxe5 Rxe5 20. f4 h5 21. fxe5 cxd5 22. Bxh5 gxh5 23. Qxh5 Qe8 24. Qf3 Qxe5 25. cxd5 Re8 26. g4 Qe3+ 27. Kg2 Qe2+ 28. Qxe2 Rxe2+ 29. Kf3 Re5 30. h4 Rxd5 31. Rd3 Rb5 32. b3 Ra5 33. a4 Rc5 34. g5 Rxf5+ 35. Kg4 Rc5 36. h5 Rc3 37. Rd1 Rxb3 38. h6 Bf8 39. Rxd4 Rb4 0-1

[Event "Landesliga Sued 9899"]
[Site "Bayern"]
[Date "1999.05.30"]
[Round "9.2"]
[White "Ploehn, Heiko"]
[Black "Nussbaecher, Andreas"]
[Result "1-0"]
[WhiteElo "2165"]
[BlackElo "2140"]
[PlyCount "125"]
[EventDate "1998.11.10"]
[EventType "team-tourn"]
[EventRounds "9"]
[EventCountry "GER"]
[SourceTitle "EXT 2020"]
[Source "ChessBase"]
[SourceDate "2019.10.17"]
[SourceVersion "1"]
[SourceVersionDate "2019.10.17"]
[SourceQuality "1"]
[WhiteTeam "Landshut"]
[BlackTeam "Muenchen FC Bayern II"]
[WhiteTeamCountry "GER"]
[BlackTeamCountry "GER"]

1. d4 Nf6 2. c4 g6 3. Nc3 Bg7 4. e4 d6 5. Nf3 0-0 6. Be2 e5 7. d5 a5 8. Bg5 h6 9. Bh4 Na6 10. 0-0 Qe8 11. Nd2 Bd7 12. b3 Nh7 13. a3 Bf6 14. Bxf6 Nxf6 15. Rb1 Nh7 16. Kh1 f5 17. exf5 Bxf5 18. Nde4 Nc5 19. f3 Nf6 20. Nxc5 dxc5 21. Bd3 Qe7 22. Qc2 Ne8 23. Rbe1 Nd6 24. Rf2 Rae8 25. Rfe2 Qh4 26. Ne4 Bxe4 27. Bxe4 Nf5 28. Bxf5 gxf5 29. Qd2 e4 30. Qxa5 exf3 31. Rxe8 fxg2+ 32. Kg1 Qd4+ 33. R8e3 f4 34. Qxc7 fxe3 35. Qg3+ Kh8 36. Qxe3 Rf1+ 37. Kxg2 Rxe1 38. Qxe1 Qg4+ 39. Qg3 Qe2+ 40. Kg1 Qd1+ 41. Kf2 Qc2+ 42. Kf1 Qd1+ 43. Qe1 Qf3+ 44. Kg1 Qg4+ 45. Kf2 Qf4+ 46. Ke2 Qe5+ 47. Kd2 Qb2+ 48. Kd3 Qd4+ 49. Kc2 Kh7 50. Qd2 Qa1 51. Qd3+ Kg8 52. Qg6+ Kh8 53. Qxh6+ Kg8 54. Qg5+ Kf7 55. Qc1 Qe5 56. Qd2 Qe4+ 57. Kb2 Qe5+ 58. Ka2 Ke7 59. Qf2 b6 60. h4 Ke8 61. a4 Kd7 62. Qf7+ Kd8 63. d6 1-0

[Event "Oberliga Bayern 9899"]
[Site "Bayern"]
[Date "1999.05.09"]
[Round "8.8"]
[White "Nussbaecher, Andreas"]
[Black "Oechslein, Rainer"]
[Result "0-1"]
[WhiteElo "2100"]
[BlackElo "2200"]
[PlyCount "100"]
[EventDate "1998.10.11"]
[EventType "team-tourn"]
[EventRounds "9"]
[EventCountry "GER"]
[SourceTitle "EXT 2020"]
[Source "ChessBase"]
[SourceDate "2019.10.17"]
[SourceVersion "1"]
[SourceVersionDate "2019.10.17"]
[SourceQuality "1"]
[WhiteTeam "Muenchen FC Bayern"]
[BlackTeam "Marktheidenfeld"]
[WhiteTeamCountry "GER"]
[BlackTeamCountry "GER"]

1. d4 Nf6 2. c4 d6 3. Nc3 e5 4. dxe5 dxe5 5. Qxd8+ Kxd8 6. Bg5 Nbd7 7. 0-0-0 c6 8. Nf3 Kc7 9. e3 Ng4 10. Bh4 f6 11. h3 Nh6 12. g4 a5 13. g5 Nf5 14. gxf6 Nxf6 15. Bxf6 gxf6 16. Ne4 Be7 17. h4 Nd6 18. Nxd6 Bxd6 19. Rg1 Re8 20. Nd2 Bf5 21. Be2 Rg8 22. Bf3 Be6 23. Ne4 Be7 24. Be2 h6 25. h5 f5 26. Ng3 Bc5 27. Bd3 e4 28. Bc2 Rg5 29. b3 Rag8 30. Ne2 Bf7 31. Rxg5 Rxg5 32. Nf4 Bd6 33. Ng6 Rxh5 34. Nf4 Rh2 35. Rg1 Kd8 36. Ng2 Ke7 37. Bd1 Bh5 38. Bxh5 Rxh5 39. Kd1 Rg5 40. Ke2 Bh2 41. Rh1 Rxg2 42. Kf1 Rg1+ 43. Rxg1 Bxg1 44. Kxg1 Kf6 45. Kg2 Kg5 46. Kg3 h5 47. f4+ exf3 48. Kxf3 c5 49. e4 fxe4+ 50. Kxe4 h4 0-1

[Event "Passau op 7th"]
[Site "Passau"]
[Date "1999.04.05"]
[Round "7"]
[White "Hefter, Franz"]
[Black "Nussbaecher, Andreas"]
[Result "0-1"]
[WhiteElo "1820"]
[BlackElo "2162"]
[PlyCount "58"]
[EventDate "1999.04.02"]
[EventType "swiss"]
[EventRounds "7"]
[EventCountry "GER"]
[SourceTitle "EXT 2000"]
[Source "ChessBase"]
[SourceDate "1999.11.16"]
[SourceVersion "1"]
[SourceVersionDate "1999.11.16"]
[SourceQuality "1"]

1. d4 Nf6 2. c4 g6 3. Nc3 Bg7 4. e4 d6 5. f3 0-0 6. Be3 c5 7. dxc5 dxc5 8. Qxd8 Rxd8 9. Bxc5 Nc6 10. Nge2 b6 11. Ba3 Nd7 12. 0-0-0 Ba6 13. Nb5 Nc5 14. Rxd8+ Rxd8 15. Bxc5 bxc5 16. g3 Ne5 17. Nec3 Nxf3 18. Be2 Bh6+ 19. Kb1 Nd2+ 20. Kc2 Bb7 21. Rd1 a6 22. Na3 Rd4 23. Nd5 Kf8 24. Bd3 Nxe4 25. Bxe4 Rxe4 26. Nc7 Re2+ 27. Kb1 Be4+ 28. Ka1 e6 29. Nxa6 Bg7 0-1

[Event "Passau op 7th"]
[Site "Passau"]
[Date "1999.04.02"]
[Round "1"]
[White "Campe, Herbert"]
[Black "Nussbaecher, Andreas"]
[Result "0-1"]
[WhiteElo "1700"]
[BlackElo "2162"]
[PlyCount "43"]
[EventDate "1999.04.02"]
[EventType "swiss"]
[EventRounds "7"]
[EventCountry "GER"]
[SourceTitle "EXT 2000"]
[Source "ChessBase"]
[SourceDate "1999.11.16"]
[SourceVersion "1"]
[SourceVersionDate "1999.11.16"]
[SourceQuality "1"]

1. e4 c5 2. Nf3 g6 3. d4 cxd4 4. Nxd4 Bg7 5. c4 Nc6 6. Be3 Nf6 7. Nc3 0-0 8. Be2 b6 9. 0-0 Bb7 10. Qd2 Nxd4 11. Bxd4 e5 12. Bxe5 Nxe4 13. Nxe4 Bxe5 14. f4 Bxb2 15. Qxb2 Bxe4 16. Rad1 Re8 17. Rd4 Qf6 18. Qd2 Bxg2 19. Rxd7 Bxf1 20. Bxf1 Red8 21. Rd5 Rxd5 22. cxd5 0-1

[Event "Landesliga Sued 9899"]
[Site "Bayern"]
[Date "1999.01.17"]
[Round "4.1"]
[White "Andersen, Jens Knud"]
[Black "Nussbaecher, Andreas"]
[Result "1-0"]
[WhiteElo "2205"]
[BlackElo "2140"]
[PlyCount "51"]
[EventDate "1998.11.10"]
[EventType "team-tourn"]
[EventRounds "9"]
[EventCountry "GER"]
[SourceTitle "EXT 2020"]
[Source "ChessBase"]
[SourceDate "2019.10.17"]
[SourceVersion "1"]
[SourceVersionDate "2019.10.17"]
[SourceQuality "1"]
[WhiteTeam "Muenchen Siemens"]
[BlackTeam "Muenchen FC Bayern II"]
[WhiteTeamCountry "GER"]
[BlackTeamCountry "GER"]

1. e4 c5 2. Nf3 g6 3. c3 Bg7 4. d4 cxd4 5. cxd4 d5 6. e5 Bg4 7. h3 Bxf3 8. Qxf3 Nc6 9. Be3 Qb6 10. Qxd5 Qxb2 11. Bb5 Rc8 12. 0-0 Qxa1 13. Qb3 Kf8 14. Bxc6 Rxc6 15. Qxb7 Bxe5 16. Qxc6 Bd6 17. Qc2 Bb4 18. Qb3 a5 19. Bc1 Bd6 20. Nc3 g5 21. g3 a4 22. Nxa4 Qxd4 23. Bb2 Qa7 24. Bxh8 f6 25. Rc1 Bc7 26. Nc5 1-0